مكتبة جامعة عجلون الوطنية

فهرس بحث المكتبة

اثر ادارة السلاسل التوريد على جودة الخدمات المقدمة في شركة كهرباء محافظة اربد: الأزمات كمتغير معدل = The Impact of Supply Chains Management on the Quality of Services by irbid District Electricity Companany: Crises as a Moderating Variable / (Record no. 33385)

MARC details
000 -LEADER
fixed length control field 01152nam a22002057a 4500
003 - CONTROL NUMBER IDENTIFIER
control field JO-AjAnu
005 - DATE AND TIME OF LATEST TRANSACTION
control field 20240402103002.0
008 - FIXED-LENGTH DATA ELEMENTS--GENERAL INFORMATION
fixed length control field 240401b jo ||||| |||| 00| 0 ara d
040 ## - CATALOGING SOURCE
Original cataloging agency JO-AjAnu
Transcribing agency JO-AjAnu
041 #0 - LANGUAGE CODE
Language code of text/sound track or separate title ara
050 ## - LIBRARY OF CONGRESS CALL NUMBER
Classification number HF5437
Item number 2023
100 #1 - MAIN ENTRY--PERSONAL NAME
Personal name عودة، لانا ابراهيم محمد
9 (RLIN) 65213
Relator term معد
245 01 - TITLE STATEMENT
Title اثر ادارة السلاسل التوريد على جودة الخدمات المقدمة في شركة كهرباء محافظة اربد: الأزمات كمتغير معدل = The Impact of Supply Chains Management on the Quality of Services by irbid District Electricity Companany: Crises as a Moderating Variable /
Statement of responsibility, etc. اعداد لانا ابراهيم محمد عودة ؛ إشراف بلال احمد مثاني
260 ## - PUBLICATION, DISTRIBUTION, ETC.
Date of publication, distribution, etc. 2023
300 ## - PHYSICAL DESCRIPTION
Extent 141ورقة
505 ## - FORMATTED CONTENTS NOTE
Formatted contents note رسالة جامعية(ماجستير).- جامعةعجلون الوطنية (عجلون، الأردن) ، كليةالأعمال ، تخصص إدارة الاعمال، 2023.
650 70 - SUBJECT ADDED ENTRY--TOPICAL TERM
Topical term or geographic name entry element التوريدات - ادارة
9 (RLIN) 65214
700 #1 - ADDED ENTRY--PERSONAL NAME
Personal name المثاني، بلال احمد
9 (RLIN) 65043
Relator term مشرف
942 ## - ADDED ENTRY ELEMENTS (KOHA)
Source of classification or shelving scheme Library of Congress Classification
Koha item type Thesis
Suppress in OPAC No

No items available.